Statistics for Fluorescent Adolescent Lyrics - Arctic Monkeys

Click here to take the quiz!

General Stats

  • This quiz has been taken 190 times
  • The average score is 36 of 49

Answer Stats

HintAnswer% Correct
___ you only get it in your nightdressnow
98%
Landed in a very ______ crisiscommon
94%
You used to get it in your ________fishnets
93%
the ____ you ever hadbest
92%
everything's in order in a _____ ____black hole
91%
flicking through a ______ book of sex tipslittle
88%
the best you ever had is just a ______ and those dreamsmemory
88%
remember when you used to be a ______rascal
87%
________ when the boys were all electricremember
87%
oh the boy's a ____slag
87%
that bloody mary's lacking in _______tabasco
87%
the ____ you ever hadbest
86%
Discarded all the _______ nights for nicenessnaughty
85%
i'm guessing that you'd ______ just forget itrather
85%
the best you ever had is just a ______ and those dreamsmemory
84%
said she wasn't going but she went _____still
84%
_____ did you go? _____ did you go?where
84%
now when she's told she's _____ get itgonna
83%
oh, flo, _____ did you go?where
83%
oh the boy's a ____slag
82%
clinging to not getting ___________sentimental
81%
my love when you _____ them updream
75%
___ you only get it in your nightdressnow
74%
You used to get it in your ________fishnets
73%
but you're not coming back _____again
72%
Landed in a very ______ crisiscommon
72%
my love when you _____ them updream
72%
but you're not coming back _____again
69%
everything's in order in a _____ ____black hole
69%
you took a left off last _____ lanelaugh
69%
Discarded all the _______ nights for nicenessnaughty
67%
that bloody mary's lacking in _______tabasco
67%
weren't as ____ as they seem, aren't as ____ as they seemdaft
66%
you took a left off last _____ lanelaugh
66%
(you took a left off last _____ lane)laugh
65%
remember when you used to be a ______rascal
65%
weren't as ____ as they seem, aren't as ____ as they seemdaft
64%
(you're not coming back _____)again
62%
you're _______ aboutfalling
60%
nothing _____ as pretty as the past thoughseems
60%
(_______ about)falling
59%
you're _______ aboutfalling
59%
just ________ it outsounding
56%
you were just ________ it outsounding
55%
(you were just ________ it out)sounding
53%
likes her _________ not to be gentlegentlemen
52%
(__...)oh
48%
was it a _____ ______ or a betting pencil?mecca dauber
27%
is ________ as pretty as the past though?anything
25%

Score Distribution

Percentile by Number Answered

Percent of People with Each Score

Your Score History

You have not taken this quiz